[Event "Medellin Flores op 24th"]
[Site "Medellin"]
[Date "2017.08.06"]
[Round "7"]
[White "Zapata Arbelaes, Estiven"]
[Black "Herrera, Juan Sebastian"]
[Result "0-1"]
[WhiteElo "2148"]
[BlackElo "2265"]
[PlyCount "62"]
[EventDate "2017.08.03"]
[EventType "swiss"]
[EventRounds "9"]
[EventCountry "COL"]
[SourceTitle "CBM 179 Extra"]
[Source "ChessBase"]
[SourceDate "2017.08.23"]
[SourceVersion "1"]
[SourceVersionDate "2017.08.23"]
[SourceQuality "1"]

1. d4 g6 2. c4 Bg7 3. Nc3 d6 4. e4 e5 5. Nf3 Nc6 6. dxe5 dxe5 7. Qxd8+ Kxd8 8. Bg5+ f6 9. 0-0-0+ Bd7 10. Be3 Bh6 11. Bxh6 Nxh6 12. c5 Kc8 13. Nd5 Rf8 14. Bb5 Ng8 15. Rd2 Bg4 16. Bxc6 bxc6 17. Ne3 Be6 18. b3 Rb8 19. Rc2 a5 20. Nc4 a4 21. Nfd2 Rd8 22. Rb2 Rd4 23. Re1 Rb5 24. Nf3 Rd8 25. Kc2 Rxc5 26. Kc3 Nh6 27. Nfd2 axb3 28. axb3 Nf7 29. b4 Rb5 30. Na5 c5 31. Nac4 Rd4 0-1

[Event "Medellin Flores op 24th"]
[Site "Medellin"]
[Date "2017.08.05"]
[Round "4"]
[White "Zapata Arbelaes, Estiven"]
[Black "Gallego, Jonathan"]
[Result "1-0"]
[WhiteElo "2148"]
[BlackElo "1675"]
[PlyCount "69"]
[EventDate "2017.08.03"]
[EventType "swiss"]
[EventRounds "9"]
[EventCountry "COL"]
[SourceTitle "CBM 179 Extra"]
[Source "ChessBase"]
[SourceDate "2017.08.23"]
[SourceVersion "1"]
[SourceVersionDate "2017.08.23"]
[SourceQuality "1"]

1. d4 Nf6 2. c4 e6 3. Nc3 d5 4. Bg5 Be7 5. cxd5 Nxd5 6. Bxe7 Qxe7 7. e4 Nxc3 8. bxc3 0-0 9. Nf3 b6 10. Bd3 Bb7 11. 0-0 Rd8 12. Qa4 c5 13. Rfd1 cxd4 14. cxd4 Nc6 15. Ba6 Bxa6 16. Qxa6 Nb4 17. Qa4 a5 18. a3 Na6 19. Ne5 Qe8 20. Qxe8+ Rxe8 21. Rab1 Rec8 22. Rxb6 Rc3 23. Rdb1 h6 24. R6b3 Rac8 25. h4 h5 26. Rb6 Nc7 27. a4 f6 28. Nc6 Ra8 29. Rb8+ Kh7 30. Rxa8 Nxa8 31. Nxa5 Ra3 32. Rb4 Nc7 33. Nb7 Na6 34. Rc4 Rb3 35. Nc5 1-0

[Event "Medellin Flores op 24th"]
[Site "Medellin"]
[Date "2017.08.03"]
[Round "1"]
[White "Zapata Arbelaes, Estiven"]
[Black "Orozco Arango, Jaidiber"]
[Result "1/2-1/2"]
[WhiteElo "2148"]
[BlackElo "1859"]
[PlyCount "79"]
[EventDate "2017.08.03"]
[EventType "swiss"]
[EventRounds "9"]
[EventCountry "COL"]
[SourceTitle "CBM 179 Extra"]
[Source "ChessBase"]
[SourceDate "2017.08.23"]
[SourceVersion "1"]
[SourceVersionDate "2017.08.23"]
[SourceQuality "1"]

1. d4 Nf6 2. c4 g6 3. Nc3 Bg7 4. e4 d6 5. Nf3 0-0 6. Be2 e5 7. Be3 Ng4 8. Bg5 Qe8 9. Nd5 Qd7 10. h3 f6 11. Bd2 Nh6 12. Qc1 Nc6 13. dxe5 Nxe5 14. Nxe5 dxe5 15. Qc2 c6 16. Ne3 Qc7 17. Rd1 Be6 18. c5 f5 19. Bc4 Bxc4 20. Nxc4 fxe4 21. Bxh6 Bxh6 22. Qxe4 Rf4 23. Qe2 Bg7 24. g3 Rd4 25. Nd6 Kh8 26. 0-0 Kg8 27. Kh1 Kh8 28. Kg2 Rf8 29. Rxd4 exd4 30. f4 b6 31. b4 a5 32. a3 axb4 33. axb4 bxc5 34. bxc5 Qa5 35. Qc4 Qc3 36. Nf7+ Rxf7 37. Qxf7 Qc2+ 38. Kg1 Qe2 39. Ra1 Qe3+ 40. Kg2 1/2-1/2

[Event "American Continental 13th"]
[Site "Medellin"]
[Date "2017.06.18"]
[Round "11"]
[White "Zapata Arbelaes, Estiven"]
[Black "Avila Pavas, Santiago"]
[Result "0-1"]
[WhiteElo "2202"]
[BlackElo "2056"]
[PlyCount "77"]
[EventDate "2017.06.10"]
[EventType "swiss"]
[EventRounds "11"]
[EventCountry "COL"]
[SourceTitle "CBM 178 Extra"]
[Source "ChessBase"]
[SourceDate "2017.06.22"]
[SourceVersion "1"]
[SourceVersionDate "2017.06.22"]
[SourceQuality "1"]

1. c4 e5 2. Nc3 Nc6 3. g3 g6 4. Bg2 d6 5. e3 Bg7 6. Nge2 Be6 7. b3 Qd7 8. Nd5 Nd8 9. d4 c6 10. Ndc3 Bh3 11. 0-0 Bxg2 12. Kxg2 exd4 13. Nxd4 Ne7 14. Bb2 d5 15. Qf3 Ne6 16. cxd5 Nxd5 17. Nxe6 fxe6 18. Rad1 Qf7 19. Nxd5 Bxb2 20. Nf4 0-0 21. Qe4 Rae8 22. Rd2 Bg7 23. Rdd1 e5 24. Nd3 Qf5 25. Nc5 b6 26. g4 Qg5 27. Qc4+ Rf7 28. Rd7 Qf6 29. Rxf7 Qxf7 30. Qxf7+ Kxf7 31. Ne4 Ke7 32. Rd1 Rc8 33. h4 Rc7 34. Kf3 Bf8 35. Rh1 h6 36. h5 g5 37. Rd1 Ke6 38. Ng3 c5 39. Ke4 0-1

[Event "American Continental 13th"]
[Site "Medellin"]
[Date "2017.06.14"]
[Round "7"]
[White "Zapata Arbelaes, Estiven"]
[Black "Alvarado Arcila, Marvia Josefina"]
[Result "1-0"]
[WhiteElo "2202"]
[BlackElo "2004"]
[PlyCount "111"]
[EventDate "2017.06.10"]
[EventType "swiss"]
[EventRounds "11"]
[EventCountry "COL"]
[SourceTitle "CBM 178 Extra"]
[Source "ChessBase"]
[SourceDate "2017.06.22"]
[SourceVersion "1"]
[SourceVersionDate "2017.06.22"]
[SourceQuality "1"]

1. d4 d5 2. c4 c6 3. Nc3 Nf6 4. Nf3 e6 5. g3 a6 6. a4 Bb4 7. c5 b6 8. cxb6 Qxb6 9. Bg2 Nbd7 10. 0-0 0-0 11. Bf4 a5 12. Re1 Ba6 13. Ne5 Nxe5 14. Bxe5 Nd7 15. Bf4 f5 16. e3 Rac8 17. g4 Be7 18. gxf5 exf5 19. b3 g5 20. Bg3 Nf6 21. Rb1 Bb4 22. Rc1 Ne4 23. Nxe4 dxe4 24. Qh5 c5 25. dxc5 Qg6 26. Qxg6+ hxg6 27. Red1 Rxc5 28. Rxc5 Bxc5 29. Be5 Kf7 30. Rc1 Bb4 31. Rc6 Bb7 32. Rf6+ Ke7 33. Rxg6 Bd5 34. Bf1 Bxb3 35. Bb5 g4 36. Rc6 Bd5 37. Rc7+ Ke6 38. Bf4 Rf7 39. Rc8 Rf8 40. Rc7 Rf7 41. Rc2 Rf8 42. Kg2 Rf7 43. Kg3 Rf8 44. Rc7 Rf7 45. Rc8 Rf8 46. Rxf8 Bxf8 47. Kh4 Bb7 48. Kg5 Bc8 49. Bc4+ Ke7 50. Kg6 Bd7 51. Bc7 f4 52. exf4 Bxa4 53. Bxa5 Kd7 54. Bd2 Bd1 55. Be3 Bf3 56. Bd5 1-0

[Event "American Continental 13th"]
[Site "Medellin"]
[Date "2017.06.13"]
[Round "5"]
[White "Zapata Arbelaes, Estiven"]
[Black "Cueto, Jose"]
[Result "1/2-1/2"]
[WhiteElo "2202"]
[BlackElo "2071"]
[PlyCount "109"]
[EventDate "2017.06.10"]
[EventType "swiss"]
[EventRounds "11"]
[EventCountry "COL"]
[SourceTitle "CBM 178 Extra"]
[Source "ChessBase"]
[SourceDate "2017.06.22"]
[SourceVersion "1"]
[SourceVersionDate "2017.06.22"]
[SourceQuality "1"]

1. d4 Nf6 2. c4 e6 3. Nc3 d5 4. Nf3 c6 5. g3 Be7 6. Bg2 0-0 7. 0-0 Nbd7 8. b3 b6 9. Ne5 Bb7 10. e4 dxe4 11. Nxe4 Nxe5 12. dxe5 Nxe4 13. Bxe4 Qc7 14. Bb2 c5 15. Qf3 Bxe4 16. Qxe4 Rad8 17. Rad1 Rxd1 18. Rxd1 Rd8 19. Rd3 Rxd3 20. Qxd3 Qd8 21. Qe2 Qd7 22. Bc3 g6 23. h4 h5 24. Kg2 Qc6+ 25. Kh2 Qd7 26. Qf3 Kg7 27. Kg2 Kg8 28. Kf1 Kg7 29. Ke2 Bd8 30. Qe4 Kg8 31. Bd2 Kg7 32. Be3 Qc7 33. f3 Be7 34. Bf2 Bd8 35. g4 hxg4 36. fxg4 Be7 37. h5 Bg5 38. hxg6 fxg6 39. Be3 Bxe3 40. Kxe3 Qd7 41. Qf4 Qd8 42. g5 Qd7 43. Qf6+ Kh7 44. Ke2 Qe8 45. Kd3 Qd7+ 46. Kc2 Qe8 47. Kb2 Qd7 48. Ka3 Qe8 49. Qf3 Qd7 50. Qf8 Qd2 51. Qh6+ Kg8 52. Qxg6+ Kh8 53. Qh6+ Kg8 54. Qxe6+ Kh8 55. Qg6 1/2-1/2

[Event "American Continental 13th"]
[Site "Medellin"]
[Date "2017.06.12"]
[Round "4"]
[White "Terry, Renato"]
[Black "Zapata Arbelaes, Estiven"]
[Result "1-0"]
[WhiteElo "2454"]
[BlackElo "2202"]
[PlyCount "145"]
[EventDate "2017.06.10"]
[EventType "swiss"]
[EventRounds "11"]
[EventCountry "COL"]
[SourceTitle "CBM 178 Extra"]
[Source "ChessBase"]
[SourceDate "2017.06.22"]
[SourceVersion "1"]
[SourceVersionDate "2017.06.22"]
[SourceQuality "1"]

1. Nf3 d5 2. c4 c6 3. e3 Nf6 4. Nc3 e6 5. Qc2 Nbd7 6. b3 Bd6 7. Bb2 Qe7 8. Rg1 e5 9. cxd5 Nxd5 10. Ne4 Bc7 11. g4 N7f6 12. Nxf6+ Nxf6 13. g5 Nd5 14. a3 Bd7 15. Bc4 Nb6 16. Bd3 0-0-0 17. Be4 Kb8 18. 0-0-0 f6 19. gxf6 gxf6 20. Kb1 Qf7 21. Nh4 Be6 22. Ka2 Na4 23. Bf5 Nxb2 24. Kxb2 Rhg8 25. Bxe6 Qxe6 26. Rxg8 Qxg8 27. Qe4 a5 28. Nf5 Qe6 29. d3 Rg8 30. h4 a4 31. Qc4 Qxc4 32. bxc4 Rg2 33. Rf1 Kc8 34. Kc2 Kd7 35. Kd2 Ke6 36. e4 Bb6 37. Ke2 Rh2 38. Rb1 Bxf2 39. Rxb7 Bc5+ 40. Kf3 Rh3+ 41. Kg4 Rxd3 42. Ng7+ Kd6 43. Nf5+ Ke6 44. Rc7 Bxa3 45. Rxc6+ Kf7 46. Rc7+ Ke6 47. Ra7 Bc5 48. Rxa4 Ra3 49. Rxa3 Bxa3 50. h5 Bf8 51. Kf3 Kd7 52. Ne3 Bd6 53. Kg4 Ke6 54. Nf1 Bb4 55. Ng3 Bc5 56. Ne2 Ba3 57. Nc3 Bc5 58. Nb5 Bb6 59. Na3 Bd4 60. Nc2 Bc3 61. c5 Bd4 62. c6 Bc5 63. c7 Kd7 64. Kf5 Be7 65. Ne3 Kxc7 66. Nd5+ Kd6 67. Nxf6 Bxf6 68. Kxf6 h6 69. Kf5 Kd7 70. Kxe5 Ke7 71. Kf5 Kf7 72. e5 Ke7 73. Kg6 1-0

[Event "COL-ch U18"]
[Site "Cali"]
[Date "2017.04.06"]
[Round "4"]
[White "Zapata Arbelaes, Estiven"]
[Black "Gallego, Julian Andres"]
[Result "1/2-1/2"]
[WhiteElo "2218"]
[BlackElo "1980"]
[PlyCount "42"]
[EventDate "2017.04.04"]
[EventType "tourn"]
[EventRounds "9"]
[EventCountry "COL"]
[SourceTitle "CBM 178 Extra"]
[Source "ChessBase"]
[SourceDate "2017.06.22"]
[SourceVersion "1"]
[SourceVersionDate "2017.06.22"]
[SourceQuality "1"]

1. d4 Nf6 2. c4 e6 3. Nc3 Bb4 4. Qc2 b6 5. Nf3 Bb7 6. Bg5 h6 7. Bh4 g5 8. Bg3 Ne4 9. Nd2 Bxc3 10. bxc3 f5 11. e3 h5 12. f3 Nxd2 13. Qxd2 h4 14. Be5 Rg8 15. h3 d6 16. Bh2 Nd7 17. a4 a5 18. Bd3 Qf6 19. Qe2 Ba6 20. Rb1 Ke7 21. e4 f4 1/2-1/2

[Event "Medellin Construct op"]
[Site "Medellin"]
[Date "2017.01.26"]
[Round "2"]
[White "Estrada, Walter"]
[Black "Zapata Arbelaes, Estiven"]
[Result "0-1"]
[WhiteElo "1967"]
[BlackElo "2237"]
[PlyCount "34"]
[EventDate "2017.01.25"]
[EventType "swiss"]
[EventRounds "7"]
[EventCountry "COL"]
[SourceTitle "CBM 176 Extra"]
[Source "ChessBase"]
[SourceDate "2017.03.02"]
[SourceVersion "1"]
[SourceVersionDate "2017.03.02"]
[SourceQuality "1"]

1. e4 e5 2. Nf3 Nc6 3. Bc4 Bc5 4. c3 Nf6 5. d4 exd4 6. cxd4 Bb4+ 7. Nc3 Nxe4 8. 0-0 Bxc3 9. d5 Bf6 10. Re1 Ne7 11. Rxe4 d6 12. Bg5 Bxg5 13. Nxg5 0-0 14. Nxh7 Kxh7 15. Qh5+ Kg8 16. Rh4 f5 17. Re1 Ng6 0-1

[Event "Pan American-ch U18 27th"]
[Site "Montevideo"]
[Date "2016.07.31"]
[Round "9"]
[White "Zapata Arbelaes, Estiven"]
[Black "Zhu, Hong Rui"]
[Result "1-0"]
[WhiteElo "2080"]
[BlackElo "2232"]
[PlyCount "59"]
[EventDate "2016.07.25"]
[EventType "swiss"]
[EventRounds "9"]
[EventCountry "URU"]
[SourceTitle "CBM 173 Extra"]
[Source "ChessBase"]
[SourceDate "2016.08.29"]
[SourceVersion "1"]
[SourceVersionDate "2016.08.29"]
[SourceQuality "1"]

1. d4 d5 2. c4 e6 3. Nc3 c6 4. e3 f5 5. Nf3 Bd6 6. Ne5 Bxe5 7. dxe5 Nh6 8. f4 0-0 9. b3 a6 10. a4 b6 11. Be2 Qd7 12. 0-0 Bb7 13. a5 Qc7 14. Ba3 Re8 15. Bd6 Qd8 16. axb6 Qxb6 17. c5 Qd8 18. b4 a5 19. Rxa5 Rxa5 20. bxa5 Nf7 21. Bxb8 Qxa5 22. Bd6 Qxc3 23. Qd4 Qxd4 24. exd4 Rc8 25. Rb1 Ba8 26. Ra1 Nxd6 27. exd6 Rb8 28. Ra7 Bb7 29. d7 Ba8 30. Rc7 1-0